000 00431nam a2200169Ia 4500
008 230524s9999 xx 000 0 und d
020 _a9780070660489
082 _a5.133
_bNAR
100 _aJohn C Martin
245 0 _a"Introduction to Languages And The Theory of Computation,"
250 _a3RD
260 _aNEW DELHI
_bTMH
_c2008
300 _aVII;535
500 _aQuantity Number: 10
650 _aComp-Sc
942 _cBK
999 _c37892
_d37892